Manavalakkalai (Record no. 249467)

MARC details
000 -LEADER
fixed length control field 00446nam a22001697a 4500
008 - FIXED-LENGTH DATA ELEMENTS--GENERAL INFORMATION
fixed length control field 260225b |||||||| |||| 00| 0 eng d
020 ## - INTERNATIONAL STANDARD BOOK NUMBER
International Standard Book Number 978-81-930241-0-2
082 ## - DEWEY DECIMAL CLASSIFICATION NUMBER
Classification number 294.3 R4
100 ## - MAIN ENTRY--PERSONAL NAME
Personal name Tattuvagnani Vethatri Magarishi
245 ## - TITLE STATEMENT
Title Manavalakkalai
Statement of responsibility, etc Tattuvagnani Vethatri Magarishi
250 ## - EDITION STATEMENT
Edition statement 1st
260 ## - PUBLICATION, DISTRIBUTION, ETC. (IMPRINT)
Place of publication, distribution, etc Erode
Name of publisher, distributor, etc Opset Printers
Date of publication, distribution, etc 2024
650 ## - SUBJECT ADDED ENTRY--TOPICAL TERM
Form subdivision General
General subdivision General
942 ## - ADDED ENTRY ELEMENTS (KOHA)
Item type Books
Holdings
Withdrawn status Lost status Damaged status Permanent location Current location Shelving location Date acquired Source of acquisition Cost, normal purchase price Full call number Barcode Date last seen Koha item type
      CENTRAL LIBRARY, NOORUL ISLAM CENTRE FOR HIGHER EDUCATION CENTRAL LIBRARY, NOORUL ISLAM CENTRE FOR HIGHER EDUCATION General stacks 02/25/2026 Gift Books 150.00 294.3 R4 85212 02/25/2026 Books
Visitors:
Copyright © 2024 Central Library NICHE.  All rights reserved.